Réponse contenant B - Statistiques

Statistiques générales
  • Ce quiz a été pris 150 fois
  • Le résultat moyen est 9 sur 15
Statistiques - réponses
explication réponse % Correct
Féminin de beau Belle
100%
Elle explose Bombe
96%
On les met quand il pleut Botte
83%
Formule magique Abracadabra
77%
Elle fais parfois rire Blague
77%
Il est doublement bon Bonbon
74%
Il faut les résoudre Problème
72%
A la plage il y en a Sable
66%
Ce qui fait que c’est une forêt Arbre
64%
Pour la plongée Tuba
60%
Support de salon Table
43%
Un type de bateau Paquebot
35%
Serpent Cobra
26%
Petit arbuste qui donne des baie Franboisier
1%
Un abrit Une cabane
1%
Aucun quiz correspondant
Distribution des résultats
% des personnes avec chaque résultat
Percentile par nombre de réponses
Votre historique - résultats
Vous n’avez pas pris ce quiz